Sobrevivir en el recreo
Saved in:
| Hovedforfatter: | |
|---|---|
| Format: | Bog |
| Sprog: | spansk |
| Udgivet: |
Buenos Aires
Sigmar
2005
|
| Serier: | Colección Hablemos de
|
| Fag: | |
| Tags: |
Tilføj Tag
Ingen Tags, Vær først til at tagge denne postø!
|
MARC
| LEADER | 00000cam a2200000 a 4500 | ||
|---|---|---|---|
| 001 | UCF7609 | ||
| 003 | CL-VaPUC | ||
| 008 | 130627e20050000AG |||||||||||||||||spa|d | ||
| 020 | |a 9789501118025 | ||
| 082 | 0 | 4 | |a 306.47 |b BUR |2 21 |
| 100 | 0 | |a Burns, Peggy |e author |9 569675 | |
| 245 | 1 | 0 | |a Sobrevivir en el recreo |
| 300 | |a 27 p | ||
| 942 | |c BK | ||
| 945 | |d 20130627 00:00:00 |a dcastane | ||
| 260 | |a Buenos Aires |b Sigmar |c 2005 | ||
| 650 | 0 | |a Sociología de la educación |9 260380 | |
| 650 | 0 | |a Convivencia escolar |9 519500 | |
| 583 | |a last modification |c 20130627 13:18:00 |k Rodrigo Vera | ||
| 490 | 0 | |a Colección Hablemos de | |
| 999 | |c 352418 |d 352416 | ||